| 000 | 00581nam a2200121Ia 4500 | ||
|---|---|---|---|
| 008 | 220615s9999||||xx |||||||||||||| ||und|| | ||
| 245 | 0 | _aMedia, Erotics, and Transnational Asia | |
| 546 | _aEnglish[eng] | ||
| 650 | _aMedia and Communications||China||Hmong people||Homosexuality||United States||Zine | ||
| 700 | _aMankekar, Purnima||Schein, Louisa | ||
| 856 | _uhttps://library.oapen.org/bitstream/20.500.12657/31783/1/625252.pdf||https://library.oapen.org/bitstream/20.500.12657/31783/1/625252.pdf||https://library.oapen.org/bitstream/20.500.12657/31783/1/625252.pdf | ||
| 942 | _cEB | ||
| 999 |
_c12471 _d12471 |
||